|
|
|
|
| LEADER |
01573nam a2200253 u 4500 |
| 001 |
10111405 |
| 003 |
upatras |
| 005 |
20210202092533.0 |
| 008 |
140122s2012 gr gre |
| 040 |
|
|
|a GR-PaULI
|c GR-PaULI
|
| 041 |
0 |
|
|a gre
|
| 082 |
0 |
4 |
|a 004.16
|
| 100 |
1 |
|
|a Πρίσκας, Θεόδωρος
|9 135628
|
| 245 |
1 |
0 |
|a Σχεδίαση ενός 8-bit μικροεπεξεργαστή (του μΡ 8085) σε vhdl και υλοποίηση σε FPGAs
|c Πρίσκας Θεόδωρος; Πανεπιστήμιο Πατρών, Τμήμα Φυσικής, Τμήμα Ηλεκτρονικής και Υπολογιστών, Εργαστήριο Ηλεκτρονικής
|
| 260 |
|
|
|a Πάτρα
|b [χ.ό.]
|c 2012
|
| 300 |
|
|
|a x, 561, 60 σ.
|b εικ.
|c 30 εκ.
|
| 504 |
|
|
|a Περιλαμβάνει βιβλιογραφία
|
| 650 |
|
4 |
|a Μικροεπεξεργαστές
|9 1981
|
| 710 |
2 |
|
|9 2771
|a Πανεπιστήμιο Πατρών
|b Σχολή Επιστημών Υγείας
|b Τμήμα Ιατρικής
|e Σχολή Θετικών Επιστημών
|e Τμήμα Φυσικής
|e Τομέας Ηλεκτρονικής και Υπολογιστών
|e Εργαστήριο Ηλεκτρονικής
|
| 852 |
|
|
|a GR-PaULI
|b ΠΑΤΡΑ
|b ΒΚΠ
|b ΑΝΕ
|k ΔΙΠΛΩΜΑΤΙΚΗ
|h 004.16 ΠΡΙ
|m 110682
|p 025000206657
|t 1
|
| 942 |
|
|
|2 ddc
|c BKTD
|
| 952 |
|
|
|0 0
|1 0
|2 ddc
|4 0
|6 004_160000000000000_ΠΡΙ
|7 0
|9 161000
|a LISP
|b LISP
|d 2016-04-24
|i 110682
|l 0
|o 004.16 ΠΡΙ
|p 025000206657
|r 2016-04-24 00:00:00
|t 1
|w 2016-04-24
|y ERST
|
| 998 |
|
|
|c ΠΑΠΑΔΑΤΟΥ
|d 2014-01
|
| 999 |
|
|
|c 101358
|d 101358
|